000 00513 a2200145 4500
999 _c4494
_d4494
020 _a9788120313842
050 _aQA76.73 LIA 1998
100 _a Liang, Y. Daniel
_eauthor
245 _aIntroduction to Java programming /
_cY. Daniel Liang.
264 _aIndianapolis, IN :
_bQue Education and Training,
_c1998
300 _axxv, 610 pages : illustrations ; 26 cm + 1 computer optical disc (4 3/4 in.)
500 _aIncludes index.
650 _aJava (Computer program language)
942 _2lcc
_cBK
_h76.73
_iLIA
_kQA